000 01377cam a22003131i 4500
003 SA-RiAUC
005 20241028073554.0
008 241026s1993 su g i00010 ara c
040 _aSA-RiAUC
_bara
_cSA-RiAUC
_erda
043 _aa-su---
050 0 4 _b. A28 1993
082 0 4 _a251.8
_qSA-RiAUC
090 _a251.8
_bأ ب و س
100 1 _aأبو سليمان، عبد الوهاب إبراهيم محمد،
_d1355-1444 هجري
_eمؤلف.
245 1 0 _aفقه الضرورة وتطبيقاته المعاصرة :
_bآفاق وأبعاد /
_cعبد الوهاب إبراهيم أبو سليمان.
250 _aالطبعة الأولى.
264 1 _aجدة، السعودية :
_bالبنك الإسلامي للتنمية، المعهد الإسلامي للبحوث والتدريب،
_c[1993]
300 _a214 صفحة ؛
_c24 سم.
336 _aنص
_btxt
_2rdacontent
_3كتاب
337 _aبدون وسيط
_bn
_2rdamedia
338 _aمجلد
_bnc
_2rdacarrier
490 0 _aسلسلة محاضرات العلماء البارزين ؛
_v2
504 _aببليوجرافيا : صفحة 203-214.
650 7 _aالفقه الإسلامي
_2aucsh
650 7 _aالضرورة (فقه إسلامي)
_2aucsh
650 7 _aالفقه الإسلامي
_xفلسفة
_2aucsh
942 _2ddc
_cBOOK
_n0
949 _aSA-JeALM
_d241026
_umohamedma123
_n1
999 _c1780
_d1780